Henry and Mudge and the wild goose chase : (Record no. 3867)

MARC details
000 -LEADER
fixed length control field 01184cam a2200337 a 4500
005 - DATE AND TIME OF LATEST TRANSACTION
control field 20250703103021.0
020 ## - INTERNATIONAL STANDARD BOOK NUMBER
International Standard Book Number 9780689834509
040 ## - CATALOGING SOURCE
Original cataloging agency DLC
Transcribing agency DLC
Modifying agency DLC
Language of cataloging eng
050 00 - LIBRARY OF CONGRESS CALL NUMBER
Classification number PZ7.R982
Item number 2003
082 00 - DEWEY DECIMAL CLASSIFICATION NUMBER
Classification number 823.92
100 1# - MAIN ENTRY--PERSONAL NAME
Personal name Rylant, Cynthia
245 10 - TITLE STATEMENT
Title Henry and Mudge and the wild goose chase :
Remainder of title the twenty-third book of their adventures /
Statement of responsibility, etc. story by Cynthia Rylant ; pictures by Carolyn Bracken, in the style of Suçie Stevenson.
246 30 - VARYING FORM OF TITLE
Title proper/short title Wild goose chase
250 ## - EDITION STATEMENT
Edition statement First Aladdin Paperbacks edition September 2004
260 ## - PUBLICATION, DISTRIBUTION, ETC.
Place of publication, distribution, etc. New York :
Name of publisher, distributor, etc. Simon & Schuster Books for Young Readers ;
Date of publication, distribution, etc. 2003
300 ## - PHYSICAL DESCRIPTION
Extent 40 pages :
Other physical details color illustrations ;
Dimensions 24 cm.
490 ## - SERIES STATEMENT
Series statement Henry and Mudge
505 ## - FORMATTED CONTENTS NOTE
Formatted contents note G <br/>
520 ## - SUMMARY, ETC.
Summary, etc. Henry and his dog Mudge tangle with a grumpy goose when they visit a farm.
521 ## - TARGET AUDIENCE NOTE
Target audience note 371 <br/><br/>
Source Lexile <br/>
521 ## - TARGET AUDIENCE NOTE
Target audience note G <br/>
Source Raz-Plus <br/>
650 #1 - SUBJECT ADDED ENTRY--TOPICAL TERM
Topical term or geographic name entry element Domestic animals
Form subdivision Fiction.
650 #1 - SUBJECT ADDED ENTRY--TOPICAL TERM
Topical term or geographic name entry element Geese
Form subdivision Fiction.
650 #1 - SUBJECT ADDED ENTRY--TOPICAL TERM
Topical term or geographic name entry element Farm life
Form subdivision Fiction.
650 #1 - SUBJECT ADDED ENTRY--TOPICAL TERM
Topical term or geographic name entry element Dogs
Form subdivision Fiction.
700 1# - ADDED ENTRY--PERSONAL NAME
Personal name Bracken, Carolyn
700 1# - ADDED ENTRY--PERSONAL NAME
Personal name Stevenson, Suçie
906 ## - LOCAL DATA ELEMENT F, LDF (RLIN)
a 7
b cbc
c orignew
d 1
e ocip
f 19
g y-gencatlg
942 ## - ADDED ENTRY ELEMENTS (KOHA)
Source of classification or shelving scheme Dewey Decimal Classification
Koha item type Books
Suppress in OPAC No
999 ## -
-- 3867
-- 3867
Holdings
Withdrawn status Lost status Source of classification or shelving scheme Damaged status Not for loan Collection Home library Current library Shelving location Date acquired Total Checkouts Full call number Barcode Date last seen Copy number Price effective from Koha item type
    Dewey Decimal Classification     Juvenile Fiction Footprints International School Library Network Toul Kork Campus Footprints International School Library Network Toul Kork Campus TK Primary Library Room(4th Floor), Bookcase 7, Shelves 57-60, Dark Green Books 07/03/2025   RYL 823.92 PZ7.R982 FISTK01194 07/03/2025 2 07/03/2025 Books
    Dewey Decimal Classification     Juvenile Fiction Footprints International School Library Network Toul Tom Poung Campus Footprints International School Library Network Toul Tom Poung Campus TTP Primary Green Bookshelves 05/20/2024   RYL 823.92 PZ7.R982 FIS02829 05/20/2024 1 05/20/2024 Books